| Tag |
First Indicator |
Second Indicator |
Subfields |
| LEADER |
00000cam a2200000 a 4500 |
| 001 |
in00000015681 |
| 005 |
20151007052557.0 |
| 008 |
851022s1986 ne a b 10010 eng |
| 010 |
|
|
|a 85026000
|
| 020 |
|
|
|a 9024732670
|
| 020 |
|
|
|a 9024732689 (pbk.)
|
| 035 |
|
|
|a (OCoLC)12803896
|
| 035 |
|
|
|9 AAA8356AM
|
| 040 |
|
|
|a DLC
|c DLC
|d OCL
|d m/c
|d TXA
|d UtOrBLW
|
| 049 |
|
|
|a TXAM
|c [A11056338]
|
| 050 |
0 |
0 |
|a TD878
|b .I58 1985
|
| 070 |
0 |
|
|a TD878.I5
|b 1985
|
| 082 |
0 |
|
|a 363.7/396
|2 19
|
| 111 |
2 |
|
|a International TNO Conference on Contaminated Soil
|n (1st :
|d 1985 :
|c Utrecht, Netherlands)
|
| 245 |
1 |
0 |
|a Contaminated soil /
|c First International TNO Conference on Contaminated Soil, 11-15 November 1985, Utrecht, The Netherlands ; edited by J.W. Assink, W.J. van den Brink.
|
| 264 |
|
1 |
|a Dordrecht ;
|a Boston :
|b M. Nijhoff ;
|c 1986.
|
| 264 |
|
2 |
|a Hingham, MA, USA :
|b [Distributor] for the U.S. and Canada, Kluwer Academic Publishers,
|
| 300 |
|
|
|a xvii, 923 pages :
|b illustrations ;
|c 25 cm.
|
| 336 |
|
|
|a text
|b txt
|2 rdacontent
|
| 337 |
|
|
|a unmediated
|b n
|2 rdamedia
|
| 338 |
|
|
|a volume
|b nc
|2 rdacarrier
|
| 504 |
|
|
|a Includes bibliographies.
|
| 650 |
|
0 |
|a Soil pollution
|v Congresses.
|
| 700 |
1 |
|
|a Assink, J. W.
|
| 700 |
1 |
|
|a Brink, W. J. van den.
|
| 710 |
2 |
|
|a Nederlandse Centrale Organisatie voor Toegepast-Natuurwetenschappelijk Onderzoek.
|
| 999 |
|
|
|a MARS
|
| 999 |
f |
f |
|s d3649584-8070-3fa9-884d-4ba97007f306
|i e69dfb4a-a964-35b6-a5b1-5e20b014f7bf
|t 0
|
| 952 |
f |
f |
|p ric
|a Texas A&M University
|b Rellis Campus
|c Joint Library Facility
|d Remote Storage
|t 0
|e TD878 .I58 1985
|h Library of Congress classification
|i unmediated -- volume
|m A14811056338
|
| 998 |
f |
f |
|a TD878 .I58 1985
|t 0
|l Remote Storage
|